000 00766nam a22002890a 4500
001 PT40126
003 AR-LpoUNG
005 20210131230706.0
008 191001s[199||||ag |||||||||||||||||spa d
020 _a9505818882
_c$5.52
040 _aAR-LpoUNG
_bspa
_cAR-LpoUNG
_eaacr
041 _aspa
044 _aag
082 0 _a808.068 3 489hom
100 1 _aDevetach, Laura
245 1 3 _aEl hombre que soñó
250 _a1ra. ed., 2da. reimpr.
260 _aBuenos Aires :
_bColihue,
_c[1995].
300 _a75 p. :
_bil.
505 0 _aSugerido a partir de 8 años (etiqueta CELESTE)
650 4 _aCUENTOS
650 4 _aLITERATURA
651 4 _aDOCUMENTOS TEORICOS O METODOLOGICOS
653 _aLITERATURA INFANTIL
905 _a40126
942 _cLIB
999 _c5657
_d5657